000 00255 a2200085 4500
100 1 _aKlinger, H.H..
_eAutor
245 0 _aEinfuehrung in die mikrowellen /
_cKlinger H.H..
710 2 _aHirzel.
_eWydawca
_4pbl
260 _aStuttgart :
_bHirzel,
_c1954.
300 _aVIII, 117 s.;
_c24 cm.
999 _c7494
_d7494